[Event "NCA-ch sf"]
[Site "Managua"]
[Date "2023.02.05"]
[Round "6.7"]
[White "Avalos, Carlos"]
[Black "Pineda, Juan Jose"]
[Result "0-1"]
[WhiteElo "1818"]
[BlackElo "1940"]
[PlyCount "106"]
[EventDate "2023.01.28"]
[EventType "swiss"]
[EventRounds "9"]
[EventCountry "NCA"]
[SourceTitle "CBM 213 Extra"]
[Source "ChessBase"]
[SourceDate "2023.05.31"]
[SourceVersion "1"]
[SourceVersionDate "2023.05.31"]
[SourceQuality "1"]

1. Nf3 Nf6 2. b3 g6 3. Bb2 Bg7 4. e3 0-0 5. Be2 d5 6. c4 c6 7. 0-0 Bg4 8. d4 Nbd7 9. Nbd2 Re8 10. Re1 Rc8 11. Rc1 Ne4 12. h3 Nxd2 13. Qxd2 Bxf3 14. Bxf3 dxc4 15. bxc4 e5 16. Bg4 f5 17. Bd1 Nc5 18. Bb3 Ne4 19. c5+ Kh8 20. Qb4 b6 21. cxb6 Qxb6 22. Qxb6 axb6 23. dxe5 Bxe5 24. Bxe5+ Rxe5 25. Red1 Rc7 26. Rd8+ Kg7 27. Rb8 b5 28. Rd1 Nc3 29. Rd3 Rc5 30. Rbd8 Ne2+ 31. Kf1 Nc1 32. R3d7+ Rxd7 33. Rxd7+ Kf8 34. Rd2 Nxb3 35. axb3 Rc3 36. b4 Ke7 37. Rd4 c5 38. bxc5 Rxc5 39. Ke2 Rc2+ 40. Ke1 Rb2 41. g3 b4 42. Kf1 b3 43. g4 fxg4 44. hxg4 Rc2 45. Rb4 b2 46. Kg2 Kd6 47. Kf3 Kc5 48. Rb8 Kc4 49. Ke4 Rxf2 50. Rc8+ Kb3 51. Rb8+ Kc2 52. Rc8+ Kd1 53. Rd8+ Kc1 0-1

[Event "NCA-ch sf"]
[Site "Managua"]
[Date "2023.01.29"]
[Round "2.11"]
[White "Gamez Valenzuela, Evert Eduardo"]
[Black "Pineda, Juan Jose"]
[Result "0-1"]
[WhiteElo "1443"]
[BlackElo "1940"]
[PlyCount "72"]
[EventDate "2023.01.28"]
[EventType "swiss"]
[EventRounds "9"]
[EventCountry "NCA"]
[SourceTitle "CBM 213 Extra"]
[Source "ChessBase"]
[SourceDate "2023.05.31"]
[SourceVersion "1"]
[SourceVersionDate "2023.05.31"]
[SourceQuality "1"]

1. d4 Nf6 2. Bf4 e6 3. Nf3 d5 4. h3 c5 5. e3 Nc6 6. Be2 Qb6 7. dxc5 Bxc5 8. Qc1 d4 9. 0-0 dxe3 10. Bxe3 Bxe3 11. Qxe3 Qxb2 12. Nc3 Qxc2 13. Rac1 Qf5 14. g4 Qa5 15. Nb5 0-0 16. Rc5 Nd5 17. Qe4 Qb4 18. Qxb4 Ncxb4 19. a3 Nc6 20. Rfc1 Rd8 21. a4 a6 22. Na3 Nf4 23. Bf1 Nd3 24. Bxd3 Rxd3 25. R5c3 Rxc3 26. Rxc3 e5 27. Nc4 f6 28. Kg2 Be6 29. Nb6 Rd8 30. g5 e4 31. Nh2 f5 32. f4 Rd2+ 33. Kg1 Rb2 34. Nc4 Bxc4 35. Rxc4 Rb4 36. Rc5 g6 0-1

[Event "American Continental 16th"]
[Site "San Salvador"]
[Date "2022.05.03"]
[Round "2"]
[White "Pineda, Juan Jose"]
[Black "Giron, Jorge Ernesto"]
[Result "1/2-1/2"]
[WhiteElo "1964"]
[BlackElo "2257"]
[PlyCount "167"]
[EventDate "2022.05.02"]
[EventType "swiss"]
[EventRounds "11"]
[EventCountry "ESA"]
[SourceTitle "CBM 208 Extra"]
[Source "ChessBase"]
[SourceDate "2022.07.31"]
[SourceVersion "1"]
[SourceVersionDate "2022.07.31"]
[SourceQuality "1"]

1. e4 c5 2. Nf3 Nc6 3. d4 cxd4 4. Nxd4 g6 5. Be3 Bg7 6. Nc3 Nf6 7. Nb3 d6 8. f3 Be6 9. Qd2 h5 10. 0-0-0 Rc8 11. Kb1 a6 12. h3 b5 13. Nd4 Qc7 14. Nxe6 fxe6 15. Bd3 Ne5 16. Rc1 Nc4 17. Bxc4 Qxc4 18. Qd3 Qc6 19. e5 dxe5 20. Qxg6+ Kf8 21. Ne4 Qe8 22. Qxe8+ Kxe8 23. Nc5 Rc6 24. c4 bxc4 25. Rxc4 Nd5 26. Bd2 Bh6 27. Bxh6 Rxh6 28. Re1 Rg6 29. g4 hxg4 30. fxg4 Nf4 31. Rxe5 Nxh3 32. Ra4 Nf2 33. Rxa6 Rxa6 34. Nxa6 Nxg4 35. Re2 e5 36. Nc5 Rf6 37. a4 Rc6 38. b4 Nh6 39. Rxe5 Nf7 40. Rh5 Rb6 41. b5 Nd6 42. Nb3 Kf7 43. Kb2 e5 44. Kc3 Nxb5+ 45. axb5 Rxb5 46. Kc4 Rb8 47. Rxe5 Kf6 48. Re2 Rc8+ 49. Nc5 Kf5 50. Rf2+ Ke5 51. Rf1 Rd8 52. Re1+ Kf5 53. Nb3 Rc8+ 54. Kd3 Ra8 55. Nd4+ Kf4 56. Re4+ Kg5 57. Re1 Kf4 58. Rf1+ Kg4 59. Rf2 Re8 60. Nc2 Rd8+ 61. Ke2 Kg5 62. Ne3 Kg6 63. Rf1 Ra8 64. Kd3 Ra3+ 65. Ke4 Ra8 66. Rg1+ Kf7 67. Nd5 Ra4+ 68. Ke5 Ra2 69. Rb1 Re2+ 70. Kf5 Rf2+ 71. Nf4 Ke7 72. Rd1 Rf3 73. Ke4 Ra3 74. Rd4 Ra1 75. Ng6+ Ke6 76. Nf4+ Ke7 77. Ke5 Re1+ 78. Kf5 Rf1 79. Ke5 Re1+ 80. Kd5 Ra1 81. Ne6 Ra6 82. Nc5 Rd6+ 83. Kc4 Rxd4+ 84. Kxd4 1/2-1/2

[Event "NCA-ch Fase 2"]
[Site "Managua"]
[Date "2022.01.23"]
[Round "2"]
[White "Rios Borgen, Edgard Jose"]
[Black "Pineda, Juan Jose"]
[Result "0-1"]
[WhiteElo "1776"]
[BlackElo "1956"]
[PlyCount "86"]
[EventDate "2022.01.22"]
[EventType "swiss"]
[EventRounds "9"]
[EventCountry "NCA"]
[SourceTitle "CBM 207 Extra"]
[Source "ChessBase"]
[SourceDate "2022.05.31"]
[SourceVersion "1"]
[SourceVersionDate "2022.05.31"]
[SourceQuality "1"]

1. d4 Nf6 2. Bf4 g6 3. Nc3 Bg7 4. e4 d6 5. Qd2 0-0 6. 0-0-0 Nc6 7. f3 a6 8. Bh6 e5 9. d5 Nd4 10. h4 c5 11. h5 b5 12. g4 Qc7 13. hxg6 fxg6 14. Nce2 Bxh6 15. Qxh6 Qg7 16. Ng3 Qxh6+ 17. Rxh6 Kg7 18. g5 Ng8 19. Bg2 b4 20. Rh2 Ra7 21. N3e2 a5 22. Nxd4 cxd4 23. Ne2 Ba6 24. Rdh1 h5 25. gxh6+ Kh7 26. Kd1 Bxe2+ 27. Kxe2 Rc8 28. Kd3 Nf6 29. Bh3 Rc5 30. Bg4 a4 31. Rg2 Rac7 32. Rc1 Rc4 33. Kd2 a3 34. b3 Rc3 35. Ke1 Kxh6 36. Kd2 d3 37. Kd1 Nxg4 38. fxg4 Kg5 39. Rd2 Rxc2 40. Rcxc2 Rxc2 41. Rxc2 dxc2+ 42. Kxc2 Kxg4 43. Kd3 Kf3 0-1

[Event "Managua Hurtado Memorial 18th"]
[Site "Managua"]
[Date "2018.12.30"]
[Round "9"]
[White "Escorcia Obando, Carlos David"]
[Black "Pineda, Juan Jose"]
[Result "1/2-1/2"]
[WhiteElo "1750"]
[BlackElo "2096"]
[PlyCount "74"]
[EventDate "2018.12.26"]
[EventType "swiss"]
[EventRounds "9"]
[EventCountry "NCA"]
[SourceTitle "EXT 2020"]
[Source "ChessBase"]
[SourceDate "2019.10.17"]
[SourceVersion "1"]
[SourceVersionDate "2019.10.17"]
[SourceQuality "1"]

1. e4 e5 2. Nf3 Nc6 3. Bb5 a6 4. Ba4 Nf6 5. 0-0 b5 6. Bb3 Be7 7. Re1 d6 8. c3 0-0 9. h3 Na5 10. Bc2 c5 11. d4 Qc7 12. d5 Re8 13. Nbd2 Bd7 14. Nf1 Bf8 15. Bg5 Be7 16. g4 h6 17. Be3 Nc4 18. Bc1 Rab8 19. Ng3 b4 20. b3 Nb6 21. c4 a5 22. Be3 a4 23. Qd2 Nh7 24. Kh2 axb3 25. axb3 Ra8 26. Nf5 Bxf5 27. exf5 Qd8 28. Rg1 Ng5 29. Bxg5 Bxg5 30. Qe2 Bf4+ 31. Kg2 Qe7 32. Nd2 Bxd2 33. Qxd2 Qg5 34. Qxg5 hxg5 35. f3 Rxa1 36. Rxa1 Ra8 37. Rxa8+ Nxa8 1/2-1/2

[Event "Managua Hurtado Memorial 18th"]
[Site "Managua"]
[Date "2018.12.27"]
[Round "3"]
[White "Giron, Jorge Ernesto"]
[Black "Pineda, Juan Jose"]
[Result "1/2-1/2"]
[WhiteElo "2255"]
[BlackElo "2096"]
[PlyCount "99"]
[EventDate "2018.12.26"]
[EventType "swiss"]
[EventRounds "9"]
[EventCountry "NCA"]
[SourceTitle "EXT 2020"]
[Source "ChessBase"]
[SourceDate "2019.10.17"]
[SourceVersion "1"]
[SourceVersionDate "2019.10.17"]
[SourceQuality "1"]

1. d4 Nf6 2. c4 g6 3. Nc3 Bg7 4. e4 d6 5. f3 0-0 6. Bg5 c5 7. d5 Qa5 8. Qd2 Re8 9. Nge2 Na6 10. Ng3 Nc7 11. Be2 Bd7 12. 0-0 a6 13. f4 h6 14. e5 dxe5 15. fxe5 hxg5 16. exf6 exf6 17. Kh1 b5 18. Bf3 Rad8 19. Nge4 Bf5 20. Nxc5 Qb6 21. Qf2 bxc4 22. g4 Bc8 23. Rad1 Nb5 24. N3e4 Nd6 25. Nd7 Qxf2 26. Ndxf6+ Kh8 27. Rxf2 Nxe4 28. Nxe4 Bxg4 29. Nxg5 Bxf3+ 30. Rxf3 Rd7 31. Rxf7 Ree7 32. Rxe7 Rxe7 33. Rd2 Bh6 34. h4 Kg7 35. Kh2 Kf6 36. Rf2+ Ke5 37. Nf7+ Kxd5 38. Nxh6 Rh7 39. Ng4 Rxh4+ 40. Kg3 Rh1 41. Kf4 Ra1 42. Ne3+ Kc5 43. a3 Rc1 44. Rg2 c3 45. Rg5+ Kc6 46. Rxg6+ Kb5 47. bxc3 Rxc3 48. a4+ Kxa4 49. Rxa6+ Kb5 50. Ra8 1/2-1/2

[Event "Managua Hurtado Memorial 18th"]
[Site "Managua"]
[Date "2018.12.26"]
[Round "1"]
[White "Salgado, Wilbert"]
[Black "Pineda, Juan Jose"]
[Result "1/2-1/2"]
[WhiteElo "1652"]
[BlackElo "2096"]
[PlyCount "124"]
[EventDate "2018.12.26"]
[EventType "swiss"]
[EventRounds "9"]
[EventCountry "NCA"]
[SourceTitle "EXT 2020"]
[Source "ChessBase"]
[SourceDate "2019.10.17"]
[SourceVersion "1"]
[SourceVersionDate "2019.10.17"]
[SourceQuality "1"]

1. d4 Nf6 2. Bf4 e6 3. Nf3 d5 4. e3 Bd6 5. Ne5 Bxe5 6. dxe5 Nfd7 7. Qg4 g6 8. Bg5 f6 9. exf6 Kf7 10. c4 c6 11. cxd5 cxd5 12. Be2 Nxf6 13. Qh4 Nbd7 14. 0-0 h6 15. Bxf6 Qxf6 16. Qxf6+ Nxf6 17. Nd2 Bd7 18. Nf3 Rac8 19. Bd3 Be8 20. Rac1 a6 21. a3 Nd7 22. h4 Kf6 23. g4 g5 24. h5 e5 25. Bf5 Rc6 26. Rcd1 Nb6 27. Rd2 Bxh5 28. Ne1 Bg6 29. Bxg6 Kxg6 30. f4 Re8 31. Nd3 Nc4 32. f5+ Kf6 33. Re2 a5 34. b4 Nxa3 35. bxa5 Ra8 36. Rh2 Rh8 37. Rb2 Rh7 38. e4 Nc4 39. Rb5 dxe4 40. Nb4 Rd7 41. Nd5+ Rxd5 42. Rxd5 Ne3 43. Rfd1 Nxd1 44. Rxd1 h5 45. Rb1 hxg4 46. Rxb7 Kxf5 47. Rb6 Rc1+ 48. Kf2 Rc2+ 49. Kg3 Ra2 50. Rb1 e3 51. Rf1+ Ke4 52. Kxg4 e2 53. Rb1 Rxa5 54. Kg3 Ke3 55. Rb3+ Kd4 56. Kf2 Ra2 57. Rg3 e4 58. Rxg5 e3+ 59. Ke1 Ra1+ 60. Kxe2 Ra2+ 61. Ke1 Kd3 62. Rd5+ Ke4 1/2-1/2

[Event "GER CM04-D email"]
[Site "GER email"]
[Date "2017.06.26"]
[Round "?"]
[White "Mauro, Lucio"]
[Black "Pineda, Juan Jose"]
[Result "1/2-1/2"]
[WhiteElo "2359"]
[BlackElo "2343"]
[PlyCount "83"]
[EventDate "2017.??.??"]
[EventType "tourn (corr)"]
[EventRounds "10"]
[EventCountry "GER"]
[SourceTitle "Corr 2020"]
[Source "ChessBase"]
[SourceDate "2019.09.30"]
[SourceVersion "1"]
[SourceVersionDate "2019.09.30"]
[SourceQuality "1"]

1. e4 e5 2. Nf3 Nc6 3. Bb5 a6 4. Ba4 Nf6 5. 0-0 Be7 6. Re1 b5 7. Bb3 0-0 8. a4 b4 9. d4 d6 10. dxe5 Nxe5 11. Nxe5 dxe5 12. Qe2 a5 13. Nd2 Bc5 14. Nc4 Ng4 15. Ne3 Qh4 16. h3 Nh6 17. Rd1 Ra6 18. Rd5 Bd4 19. c3 bxc3 20. bxc3 Bxc3 21. Bb2 Bxb2 22. Qxb2 Bxh3 23. Qxe5 Be6 24. Rd3 Ng4 25. Nxg4 Bxg4 26. Qxc7 Rh6 27. f3 Bxf3 28. gxf3 Rg6+ 29. Kf1 Qh1+ 30. Ke2 Rg2+ 31. Ke3 Qh6+ 32. Kd4 Qf6+ 33. e5 Qf4+ 34. Kc5 Rb2 35. Qxf7+ Qxf7 36. Bxf7+ Kxf7 37. Rd6 Rc8+ 38. Kd4 Rd2+ 39. Ke3 Rxd6 40. exd6 Ke6 41. Rh1 h6 42. Rg1 1/2-1/2

[Event "GER CM04-D email"]
[Site "GER email"]
[Date "2017.06.26"]
[Round "?"]
[White "Pineda, Juan Jose"]
[Black "Krauss, Heiko"]
[Result "0-1"]
[WhiteElo "2343"]
[BlackElo "2328"]
[PlyCount "56"]
[EventDate "2017.??.??"]
[EventType "tourn (corr)"]
[EventRounds "10"]
[EventCountry "GER"]
[SourceTitle "Corr 2020"]
[Source "ChessBase"]
[SourceDate "2019.09.30"]
[SourceVersion "1"]
[SourceVersionDate "2019.09.30"]
[SourceQuality "1"]

1. e4 c5 2. Nf3 Nc6 3. d4 cxd4 4. Nxd4 Nf6 5. Nc3 e5 6. Nxc6 bxc6 7. Bc4 Bb4 8. 0-0 0-0 9. Bg5 h6 10. Bh4 d6 11. Qe2 Qe7 12. Na4 g5 13. Bg3 d5 14. exd5 cxd5 15. Bb3 Re8 16. a3 Bd6 17. Rad1 Bb7 18. Rfe1 Qd7 19. Nc3 d4 20. Nb5 Bb8 21. c3 Kg7 22. cxd4 exd4 23. Qd3 Bxg3 24. hxg3 Rxe1+ 25. Rxe1 Rd8 26. a4 a6 27. Na3 Ba8 28. Nc4 Qb7 0-1

[Event "GER CM04-D email"]
[Site "GER email"]
[Date "2017.06.26"]
[Round "?"]
[White "Pineda, Juan Jose"]
[Black "Seelig, Juergen"]
[Result "0-1"]
[WhiteElo "2343"]
[BlackElo "2327"]
[PlyCount "36"]
[EventDate "2017.??.??"]
[EventType "tourn (corr)"]
[EventRounds "10"]
[EventCountry "GER"]
[SourceTitle "Corr 2020"]
[Source "ChessBase"]
[SourceDate "2019.09.30"]
[SourceVersion "1"]
[SourceVersionDate "2019.09.30"]
[SourceQuality "1"]

1. e4 e5 2. Nf3 Nc6 3. Bb5 a6 4. Ba4 Nf6 5. 0-0 Be7 6. Re1 b5 7. Bb3 d6 8. c3 0-0 9. h3 Na5 10. Bc2 c5 11. d4 Qc7 12. Nbd2 cxd4 13. cxd4 Nc6 14. Nb3 a5 15. Be3 a4 16. Nbd2 Bd7 17. Rc1 Qb7 18. Nf1 Rfe8 0-1

[Event "San Salvador zt 2.3"]
[Site "San Salvador"]
[Date "2017.05.29"]
[Round "6"]
[White "Pineda, Juan Jose"]
[Black "Sanchez Alvarez, Roberto Carlos"]
[Result "0-1"]
[WhiteElo "2073"]
[BlackElo "2404"]
[PlyCount "50"]
[EventDate "2017.05.26"]
[EventType "swiss"]
[EventRounds "9"]
[EventCountry "ESA"]
[SourceTitle "CBM 178 Extra"]
[Source "ChessBase"]
[SourceDate "2017.06.22"]
[SourceVersion "1"]
[SourceVersionDate "2017.06.22"]
[SourceQuality "1"]

1. e4 c5 2. Nf3 d6 3. d4 cxd4 4. Nxd4 Nf6 5. Nc3 a6 6. Bc4 e6 7. Bb3 Nbd7 8. f4 Nc5 9. Qf3 b5 10. e5 Bb7 11. Qe2 dxe5 12. fxe5 Qxd4 13. exf6 Qxf6 14. Rf1 Qg6 15. Be3 Nxb3 16. axb3 Rc8 17. 0-0-0 Be7 18. h4 Bxh4 19. g4 0-0 20. g5 b4 21. Na4 Be4 22. c4 bxc3 23. Nxc3 Bxg5 24. Rg1 Qf6 25. Qe1 Bg6 0-1

[Event "San Salvador zt 2.3"]
[Site "San Salvador"]
[Date "2017.05.28"]
[Round "4"]
[White "Espinoza Roman, Juan Carlos"]
[Black "Pineda, Juan Jose"]
[Result "0-1"]
[WhiteElo "1810"]
[BlackElo "2073"]
[PlyCount "60"]
[EventDate "2017.05.26"]
[EventType "swiss"]
[EventRounds "9"]
[EventCountry "ESA"]
[SourceTitle "CBM 178 Extra"]
[Source "ChessBase"]
[SourceDate "2017.06.22"]
[SourceVersion "1"]
[SourceVersionDate "2017.06.22"]
[SourceQuality "1"]

1. d4 Nf6 2. Nf3 g6 3. Bf4 Bg7 4. e3 d6 5. Be2 0-0 6. 0-0 h6 7. c3 Nh5 8. Bg3 Nxg3 9. hxg3 Nd7 10. Nbd2 c5 11. Qb3 Qb6 12. Qc2 Nf6 13. Rab1 Bg4 14. Bd3 d5 15. Rfe1 c4 16. Bf1 Bf5 17. e4 Nxe4 18. Nh4 Nxg3 19. Nxf5 Nxf5 20. g4 Nd6 21. Rxe7 Rae8 22. Rbe1 Rxe7 23. Rxe7 Qd8 24. Re2 Qh4 25. f3 h5 26. gxh5 Qxh5 27. Rh2 Qg5+ 28. Rg2 Qe3+ 29. Kh1 Bf6 30. b3 Kg7 0-1

[Event "San Salvador zt 2.3"]
[Site "San Salvador"]
[Date "2017.05.27"]
[Round "3"]
[White "Caballero, Danery Javier"]
[Black "Pineda, Juan Jose"]
[Result "0-1"]
[WhiteElo "1636"]
[BlackElo "2073"]
[PlyCount "40"]
[EventDate "2017.05.26"]
[EventType "swiss"]
[EventRounds "9"]
[EventCountry "ESA"]
[SourceTitle "CBM 178 Extra"]
[Source "ChessBase"]
[SourceDate "2017.06.22"]
[SourceVersion "1"]
[SourceVersionDate "2017.06.22"]
[SourceQuality "1"]

1. e4 e5 2. Nf3 Nc6 3. d4 exd4 4. Nxd4 Bc5 5. Be3 Qf6 6. c3 Nge7 7. Be2 Bb6 8. 0-0 0-0 9. f4 d6 10. Qd2 Bd7 11. Nf3 Rad8 12. Bxb6 axb6 13. Bd3 Ng6 14. Ng5 h6 15. Nxf7 Qxf7 16. b3 Qf6 17. Qf2 Nxf4 18. Bc4+ Kh8 19. Qe3 Ne5 20. g3 Nxc4 0-1

[Event "Managua Dario Memorial-A 1st"]
[Site "Managua"]
[Date "2017.05.21"]
[Round "9"]
[White "Pineda, Juan Jose"]
[Black "Pilarte, Rene"]
[Result "1/2-1/2"]
[WhiteElo "2073"]
[BlackElo "2139"]
[PlyCount "60"]
[EventDate "2017.05.06"]
[EventType "tourn"]
[EventRounds "9"]
[EventCountry "NCA"]
[SourceTitle "EXT 2018"]
[Source "ChessBase"]
[SourceDate "2017.10.13"]
[SourceVersion "1"]
[SourceVersionDate "2017.10.13"]
[SourceQuality "1"]

1. e4 c5 2. Nf3 e6 3. d4 cxd4 4. Nxd4 a6 5. c4 Nf6 6. Nc3 Qc7 7. Be3 Be7 8. Be2 b6 9. f4 d6 10. 0-0 Bb7 11. Bf3 Nbd7 12. Rc1 Nc5 13. Qc2 h5 14. b4 Ncd7 15. f5 e5 16. Nb3 0-0 17. Nd5 Nxd5 18. cxd5 Qxc2 19. Rxc2 Rac8 20. Rxc8 Rxc8 21. Rc1 Rxc1+ 22. Nxc1 g6 23. fxg6 fxg6 24. Nb3 Bd8 25. Nd2 a5 26. b5 Kf7 27. Nc4 Bc7 28. a4 Kf6 29. h4 Nc5 30. Bxc5 dxc5 1/2-1/2

[Event "Managua Dario Memorial-A 1st"]
[Site "Managua"]
[Date "2017.05.20"]
[Round "7"]
[White "Pineda, Juan Jose"]
[Black "Rocha, Maximiliano"]
[Result "1/2-1/2"]
[WhiteElo "2073"]
[BlackElo "2164"]
[PlyCount "70"]
[EventDate "2017.05.06"]
[EventType "tourn"]
[EventRounds "9"]
[EventCountry "NCA"]
[SourceTitle "EXT 2018"]
[Source "ChessBase"]
[SourceDate "2017.10.13"]
[SourceVersion "1"]
[SourceVersionDate "2017.10.13"]
[SourceQuality "1"]

1. e4 e5 2. Nf3 Nc6 3. Bb5 a6 4. Ba4 Nf6 5. 0-0 b5 6. Bb3 Bc5 7. Re1 d6 8. c3 Bb6 9. h3 0-0 10. d4 Bb7 11. Bg5 Qe7 12. d5 Nb8 13. Nbd2 h6 14. Be3 Bxe3 15. Rxe3 Nh5 16. Nf1 Nd7 17. Ne1 Nf4 18. Nd3 Nxd3 19. Rxd3 Nc5 20. Re3 f5 21. Bc2 f4 22. Re1 f3 23. g3 Qd7 24. Kh2 Bc8 25. g4 h5 26. Ne3 hxg4 27. hxg4 Qe7 28. Rh1 Bxg4 29. Kg1 Qg5 30. Kf1 Rf4 31. Nxg4 Qxg4 32. Rg1 Qh4 33. Rg3 Qh1+ 34. Rg1 Qh3+ 35. Ke1 Nxe4 1/2-1/2

[Event "Managua Dario Memorial-A 1st"]
[Site "Managua"]
[Date "2017.05.14"]
[Round "6"]
[White "Espinoza, Felix"]
[Black "Pineda, Juan Jose"]
[Result "1/2-1/2"]
[WhiteElo "2208"]
[BlackElo "2073"]
[PlyCount "62"]
[EventDate "2017.05.06"]
[EventType "tourn"]
[EventRounds "9"]
[EventCountry "NCA"]
[SourceTitle "EXT 2018"]
[Source "ChessBase"]
[SourceDate "2017.10.13"]
[SourceVersion "1"]
[SourceVersionDate "2017.10.13"]
[SourceQuality "1"]

1. e4 e5 2. Nf3 Nc6 3. Bb5 a6 4. Ba4 Nf6 5. 0-0 b5 6. Bb3 Be7 7. d3 0-0 8. Nc3 d6 9. h3 Na5 10. Be3 c5 11. Nd5 Nxb3 12. Nxe7+ Qxe7 13. axb3 h6 14. Nh2 Bb7 15. f4 Nd7 16. c4 b4 17. f5 Qh4 18. Bf2 Qe7 19. g4 f6 20. h4 a5 21. Be3 Nb6 22. g5 hxg5 23. hxg5 fxg5 24. Qh5 Qf7 25. Qxg5 g6 26. fxg6 Qg7 27. Qh6 Nd7 28. Ng4 Rxf1+ 29. Rxf1 Rf8 30. Rxf8+ Nxf8 31. Qxg7+ Kxg7 1/2-1/2

[Event "NCA-ch"]
[Site "Managua"]
[Date "2017.03.12"]
[Round "6"]
[White "Rocha, Maximiliano"]
[Black "Pineda, Juan Jose"]
[Result "1/2-1/2"]
[WhiteElo "2154"]
[BlackElo "2066"]
[PlyCount "64"]
[EventDate "2017.03.04"]
[EventType "tourn"]
[EventRounds "11"]
[EventCountry "NCA"]
[SourceTitle "EXT 2018"]
[Source "ChessBase"]
[SourceDate "2017.10.13"]
[SourceVersion "1"]
[SourceVersionDate "2017.10.13"]
[SourceQuality "1"]

1. d4 Nf6 2. c4 g6 3. Nc3 Bg7 4. e4 d6 5. Be2 0-0 6. Be3 e5 7. d5 c5 8. h4 Na6 9. h5 Nc7 10. a4 b6 11. Qd2 Bd7 12. Bh6 Qe7 13. Bg5 Rfb8 14. f4 Nce8 15. fxe5 Qxe5 16. Bf4 Qd4 17. Nf3 Qxd2+ 18. Nxd2 Ng4 19. Bxg4 Bxg4 20. hxg6 hxg6 21. Nf3 a6 22. Kf2 Ra7 23. Kg3 Bxf3 24. gxf3 Rab7 25. Ra2 Re7 26. Bg5 Bf6 27. Bxf6 Nxf6 28. Rh4 Kg7 29. b3 Ree8 30. Rah2 Rh8 31. Rxh8 Rxh8 32. Rxh8 Kxh8 1/2-1/2